| 000 | 00510nam a2200181 a 4500 | ||
|---|---|---|---|
| 005 | 20240807063748.0 | ||
| 008 | 991125s1951 bar 000 0 spa u | ||
| 035 | _aUPN01000026144 | ||
| 049 | _aCG | ||
| 050 | 4 |
_aQA451 F6.4 _b1951 |
|
| 100 | 1 | _aFontseré, Eduardo | |
| 245 | 1 | 0 |
_aGeometría elemental : _bprimeras nociones de geometría / _cEduardo Fontseré |
| 260 |
_aBarcelona (Esp.) : _bG. Gili, _c1951 |
||
| 300 |
_a74 p. : _bil. |
||
| 650 | 4 |
_aGeometría _95328 |
|
| 904 |
_aAC _b026145 |
||
| 905 | _aLibro | ||
| 999 |
_c26144 _d26144 |
||